000
002380000a22000970004500
100
1
_a
Edwards, Jonathan (1703-1758)
245
1
0
_a
Experience that counts
300
_a
Vol. 9, Núm 3 (1991), Páginas 14-16
773
0
_t
Evangel
942
_c
ANA
999
_c
54263
_d
54263